Kahānī khatma ho gaī / (Record no. 91448)
[ view plain ]
| 000 -LEADER | |
|---|---|
| fixed length control field | 00645cam a2200217 a 4500 |
| 001 - CONTROL NUMBER | |
| control field | unk83038663 |
| 003 - CONTROL NUMBER IDENTIFIER | |
| control field | DLC |
| 005 - DATE AND TIME OF LATEST TRANSACTION | |
| control field | 20260227112800.0 |
| 008 - FIXED-LENGTH DATA ELEMENTS--GENERAL INFORMATION | |
| fixed length control field | 831028s1961 ii 000 j hino |
| 010 ## - LIBRARY OF CONGRESS CONTROL NUMBER | |
| LC control number | unk83038663 |
| 040 ## - CATALOGING SOURCE | |
| Original cataloging agency | DLC |
| Transcribing agency | DLC |
| 050 00 - LIBRARY OF CONGRESS CALL NUMBER | |
| Classification number | PK2098.C525 |
| Item number | A6 1961 |
| 100 0# - MAIN ENTRY--PERSONAL NAME | |
| Personal name | Caturasena, |
| Titles and words associated with a name | Acharya, |
| Dates associated with a name | 1891-1960. |
| 240 10 - UNIFORM TITLE | |
| Uniform title | Short stories. |
| Form subheading | Selections |
| 245 10 - TITLE STATEMENT | |
| Title | Kahānī khatma ho gaī / |
| Statement of responsibility, etc. | Ācārya Caturasena. |
| 250 ## - EDITION STATEMENT | |
| Edition statement | 1. saṃskaraṇa. |
| 260 ## - PUBLICATION, DISTRIBUTION, ETC. | |
| Place of publication, distribution, etc. | Dillī : |
| Name of publisher, distributor, etc. | Rājapāla eṇḍa Sanza, |
| Date of publication, distribution, etc. | 1961. |
| 300 ## - PHYSICAL DESCRIPTION | |
| Extent | 260 p. ; |
| Dimensions | 19 cm. |
| 546 ## - LANGUAGE NOTE | |
| Language note | In Hindi. |
| 500 ## - GENERAL NOTE | |
| General note | "Caturasena kāsampūrṇa kahānī-sāhitya-5." |
No items available.